Strategies to promote girls' education : (Record no. 342)

MARC details
000 -LEADER
fixed length control field 005750000a22001930004500
005 - DATE AND TIME OF LATEST TRANSACTION
control field 20240315163959.0
008 - FIXED-LENGTH DATA ELEMENTS--GENERAL INFORMATION
fixed length control field 230817t ||||| |||| 00| 0 eng d
020 ## - ISBN
ISBN 9280615998
082 ## - DEWEY DECIMAL CLASSIFICATION NUMBER
Classification number 376
Item number UNI
942 ## - ADDED ENTRY ELEMENTS (KOHA)
Item Type Reports
110 ## - MAIN ENTRY--CORPORATE NAME
Corporate Name UNICEF, Programme Division, Education Section
700 ## - ADDED ENTRY--PERSONAL NAME
Personal name Rihani, May
700 ## - ADDED ENTRY--PERSONAL NAME
Personal name Prather, Cynthia
245 ## - TITLE STATEMENT
Title Strategies to promote girls' education :
Sub Title policies and programmes that work
260 ## - PUBLICATION, DISTRIBUTION, ETC. (IMPRINT)
Place of Publication New York :
Name of Publisher UNICEF,
Date of Copyright 1992
300 ## - PHYSICAL DESCRIPTION
Extent viii, 80 p. ; 22 cm
650 ## - SUBJECT ADDED ENTRY--TOPICAL TERM
Topical Term Women Education
650 ## - SUBJECT ADDED ENTRY--TOPICAL TERM
Topical Term Sex differences in education
Holdings
Withdrawn status Lost status Damaged status Not for loan Permanent location Current location Date acquired Total Checkouts Full call number Barcode Date last seen Price effective from Koha item type
        Resource center, Muslim Women's Research And Action Forum Resource center, Muslim Women's Research And Action Forum 2023-11-02   376 UNI RAF2601 2023-11-02 2023-11-02 Reports

Copyright © 2023 Muslim Women's Research and Action Forum (MWRAF), No 27/3, Anderson Road, Kalubowila, Dehiwela. Funded by The Asia Fundation